Patterns of community change among ammonia oxidizers in meadow soils upon long-term incubation at different temperatures /

محفوظ في:
التفاصيل البيبلوغرافية
المؤلف الرئيسي: Avrahami, Sharon.
مؤلفون آخرون: Conrad, Ralf.
التنسيق: مقال
اللغة:English
الموضوعات:
الوسوم: إضافة وسم
لا توجد وسوم, كن أول من يضع وسما على هذه التسجيلة!
Thư viện lưu trữ: Thư viện Trường Đại học Đà Lạt
LEADER 00956nam a2200313 4500
001 DLU090092847
005 ##20091201
040 # # |a DLU  |b eng 
041 # # |a eng 
044 # # |a us 
100 # # |a Avrahami, Sharon.  
245 # # |a Patterns of community change among ammonia oxidizers in meadow soils upon long-term incubation at different temperatures /  |c Sharon Avrahami, Ralf Conrad. 
653 # # |a Ammonia 
653 # # |a Bacteria 
653 # # |a Incubation 
653 # # |a Microbial community 
653 # # |a Oxidation  
653 # # |a Soil 
700 # # |a Conrad, Ralf.  
773 # # |t Applied and Environmental Microbiology  |g Vol. 69, no. 10 (October 2003), p. 6152-6164 
920 # # |a Phòng Tạp chí -- Trung tâm Thông tin - Thư viện Trường Đại học Đà Lạt 
994 # # |a DLU 
900 # # |a True 
911 # # |a Trương Bảo Trâm Anh 
925 # # |a G 
926 # # |a A 
927 # # |a BB 
980 # # |a Thư viện Trường Đại học Đà Lạt